000 01067 a2200337 4500
999 _c10621
_d10621
020 _a9781509874286
050 0 0 _aPS3552
100 1 _aBaldacci, David,
_eauthor.
_d1960
245 1 4 _aThe fallen /
_cDavid Baldacci.
264 1 _aNew York :
_bPan books,
_c2018
300 _a634 pages:
_b7 audio discs (approximately 8 hr.), CD audio, digital ;
336 _aspoken word
_bspw
_2rdacontent
337 _aaudio
_bs
_2rdamedia
338 _aaudio disc
_bsd
_2rdacarrier
500 _aTitle from disc label.
504 _aincludes index
650 0 _aGovernment investigators
650 0 _aInternational crimes
650 0 _aMurder
_xInvestigation
650 0 _aMemory disorders
650 7 _aGovernment investigators.
650 7 _aInternational crimes.
650 7 _aMemory disorders.
650 7 _aMurder
_xInvestigation.
651 0 _aPennsylvania
651 7 _aPennsylvania.
700 1 _aBrewer, Kyf,
_enarrator.
700 1 _aCassidy, Orlagh,
_enarrator.
942 _2lcc
_cBK
_h3552
_iBAL
_kPS